| 000 | 00382cam a2200157ua 4500 | ||
|---|---|---|---|
| 041 |
_aeng _h |
||
| 082 |
_a631.587 _bZIM/IR |
||
| 100 | _aZimmerman, Josef D . | ||
| 245 |
_aIrrigation / _cD Josef Zimmerman. _hTextual Documents |
||
| 250 |
_a1 / _b. |
||
| 260 |
_aNew York : _bJohn Wiley & Sons , _c1966. |
||
| 300 | _a224 ; . | ||
| 504 | _a | ||
| 942 | _cBK | ||
| 999 |
_c2593 _d2593 |
||